Guia de recursos i serveis per a la gent gran [Recurs electrònic] : Talamanca Talamanca
Publicado:
Barcelona :
Diputació de Barcelona. Àrea de Benestar Social ; Talamanca : Ajuntament de Talamanca, [2009]
Descripción Física:
1 disc òptic (CD-ROM) , 12 cm
MARC
| LEADER | 00000nam a2200000Ia 4500 | ||
|---|---|---|---|
| 001 | 23330 | ||
| 008 | 160829s9999 xx 000 0 cat d | ||
| 080 | |a CD-1-206 | ||
| 245 | |a Guia de recursos i serveis per a la gent gran [Recurs electrònic] : |b Talamanca | ||
| 260 | |a Barcelona : |b Diputació de Barcelona. Àrea de Benestar Social ; Talamanca : |b Ajuntament de Talamanca, [2009] | ||
| 300 | |a 1 disc òptic (CD-ROM) , 12 cm | ||
| 650 | 0 | |a Persones grans |z Talamanca (Catalunya) |v Guies |9 48684 | |
| 710 | 1 | |a Barcelona (Catalunya : Província). |b Àrea de Benestar Social |9 52988 | |
| 710 | 1 | |a Talamanca (Catalunya). |b Ajuntament |9 55481 | |
| 901 | |a Arxiu | ||
| 942 | |n 1 | ||
| 952 | |0 0 |1 0 |4 0 |6 CD1206 |7 1 |9 54769 |a Arxiu |b Arxiu |d 2011-11-16 |l 0 |o CD-1-206 |p 23330 |r 2016-12-01 00:00:00 |w 2016-12-01 |y ARXIU | ||
| 999 | |c 58638 |d 58638 | ||